000 00700nam a2200193Ia 4500
003 GCL
008 140319s9999 xx 000 0 ara d
040 _aGCL /
_cGCL
082 0 4 _a347
_bع ب
100 1 _aعبدالحكيم فودة
245 1 0 _aالبطلان فى قانون المرفعات المدنية والتجارية /
_cعبدالحكيم فودة
260 _a[S.N] :
_bدار المطبوعات الجامعية ،
_c1993
300 _a389 ص
490 _aالمكتبة القانونية بدار المطبوعات
_v0
650 0 4 _aالقانون
650 0 4 _aقانون المرافعات
650 0 4 _aقانون الاجراءات الجنائية
942 _2ddc
_cBK
999 _c37117
_d37117